Guess the Taylor Swift song with no hint 94 - Statistics

General Stats
  • This quiz has been taken 1,030 times
  • The average score is 351 of 418
Answer Stats
Answer % Correct
I
100%
a
99%
the
98%
You
98%
you
98%
And
96%
and
96%
we
96%
it
95%
be
94%
me
94%
to
94%
do
93%
love
93%
your
93%
in
92%
my
92%
that
92%
Where
92%
So
91%
so
91%
it's
90%
on
90%
what
90%
What
90%
you're
90%
can
89%
don't
89%
like
89%
I'm
88%
know
88%
this?
88%
this
88%
for
87%
have
87%
of
87%
think
87%
all
86%
All
86%
if
86%
If
86%
they
86%
was
86%
'Cause
85%
Did
85%
did
85%
now
85%
Now
85%
could
84%
just
84%
at
83%
but
83%
got
83%
time
83%
look
82%
mad
82%
say
82%
you've
82%
bad
81%
Oh
81%
take
81%
baby
80%
Baby
80%
done
80%
made
80%
with
80%
about
79%
blood
79%
used
79%
good
78%
problems
76%
really
76%
solve
76%
(hey!)
75%
sad
75%
cut
74%
deep
74%
from
74%
'em
73%
live
73%
up
73%
times
71%
back
70%
couldn't
70%
show
70%
sorry
70%
thinking
70%
won't
70%
bullet
69%
trusted
69%
Band
68%
fix
68%
ghosts
68%
heal
68%
holes
68%
past
68%
aids
67%
will
67%
right
66%
These
66%
these
66%
fine?
65%
hit
65%
last
64%
ruin
64%
rusted
63%
Still
63%
through?
63%
we'd
63%
things
62%
breathe
61%
knife
61%
runs
61%
scars
61%
way
61%
weak?
61%
wound
60%
kind
58%
laughing
58%
catch
55%
cold
55%
Salt
55%
wounds
55%
come
54%
rub
48%
shining?
47%
Hm
18%
No matching quizzes found
Score Distribution
Percent of People with Each Score
Percentile by Number Answered
Your Score History
You have not taken this quiz